000 01314nam a22002537a 4500
005 20170124103218.0
010 _aB-090464
020 _c150.00
_a8179650472
035 _aB-090464
037 _bCen Lib/Ret
040 _aDPL
_bHN
082 _a306.095496
_bधकरि
100 _aधकरियाल, डूँगर सिंह
_98559
245 _aहिमालयी सौका सांस्कृतिक धरोहर-II :
_cडूँगर सिंह धकरियाल
_bलोकगीत-कुमाऊनी और हिन्दी अर्थों सहित /
246 _aHimalayi sauka sanskritik dharohar-II : lokgeet-kumauni aur hindi arthon sahit /
_bby Dungar Singh Dhakriyal
260 _aनई दिल्ली
_bतक्षशिला प्रकाशन
_c2004
270 _bनई दिल्ली
_a23/4761, अंसारी रोड, दरियागंज
_e110002
300 _axxvii,112पृ.
_c20सेमी(सजिल्द)
650 _aसंस्कृति और संस्थानों
_945021
650 _aसंस्कृति - भारत
_9100098
650 _aCulture and institutions
_9100099
650 _aCulture -- India
_978280
942 _2ddc
_cHN
_h306.095496
_mधकरि
999 _c121652
_d121652